| 000 | 00558nam a22001697a 4500 | ||
|---|---|---|---|
| 008 | 250227b ||||| |||| 00| 0 eng d | ||
| 020 | _a9789386515483 | ||
| 041 | _aeng | ||
| 082 |
_a346.078 _bMAI |
||
| 100 | _aMakhija, Ashish | ||
| 245 |
_aInsolvency and bankruptcy Code of India _b: A Commentary on Insolvency Resolution, Liquidation, Bankruptcy of Corporate Persons, Individuals, Sole Proprietorship and Partnership firms |
||
| 260 |
_aHaryana _bLexis Nexis _c2025 |
||
| 300 | _aciv, 2074p. | ||
| 650 | _aLAW | ||
| 710 | _aBakhru, Vibhu | ||
| 942 | _cBK | ||
| 999 |
_c49853 _d49853 |
||